Tâm lí học Sư phạm Đại học

Na minha lista:
Detalhes bibliográficos
Autor principal: Nguyễn Thạc (ch.biên)
Outros Autores: Phạm Thành Nghị
Formato: Livro
Idioma:Vietnamese
Publicado em: H. Đại học Sư phạm 2008
Assuntos:
Tags: Adicionar Tag
Sem tags, seja o primeiro a adicionar uma tag!
Thư viện lưu trữ: Mạng thư viện Đại học Đà Nẵng
LEADER 01183nam a2200361 4500
001 000006237
003 2392
005 20110906080907.0
008 110906s2008 viesd
020 |c 25000đ 
041 0 |a vie 
082 |a 370.15  |b NG-T 
100 0 |a Nguyễn Thạc 
245 0 |a Tâm lí học Sư phạm Đại học  |c Nguyễn Thác (ch.biên) ; Phạm Thành Nghị 
260 |a H.  |b Đại học Sư phạm  |c 2008 
300 |a 207 tr  |c 21 cm 
504 |a Thư mục tr : 204 
653 |a Tâm lí học 
653 |a Sư phạm Đại học 
653 |a Giáo dục 
700 |a Nguyễn Thạc  |e ch.biên 
700 |a Phạm Thành Nghị 
910 |a Nguyễn Thị Kim Oanh  |d 06/09/2011 
OWN |a LSP 
AVA |a UDN50  |b LSP  |d 370.15 NG-T  |e available  |t Error 5001 Not defined in file expand_doc_bib_avail.  |f 5  |g 0  |h N  |i 0  |k 1 
999 |a From the UDN01 
AVA |a UDN50  |b LSP  |d 370.15 NG-T  |e available  |t Error 5001 Not defined in file expand_doc_bib_avail.  |f 5  |g 0  |h N  |i 0  |k 1 
TYP |a Monograph 
TYP |a Printed language 
980 |a Mạng thư viện Đại học Đà Nẵng